Lost Characters - Statistics

General Stats
  • This quiz has been taken 1,600 times
    1,280 since last reset
  • The average score is 27 of 41
Answer Stats
Character % Correct
James Ford
94%
John Locke
91%
Benjamin Linus
90%
Hugo Reyes
90%
Charlie Pace
89%
Claire Littleton
86%
Jin-Soo Kwon
86%
Sun-Hwa Kwon
86%
Sayid Jarrah
85%
Desmond Hume
82%
Boone Carlyle
81%
Jack Shephard
80%
Juliet Burke
80%
Michael Dawson
79%
Shannon Rutherford
79%
Kate Austen
77%
Ana Lucia Cortez
76%
Penelope Widmore
76%
Walt Lloyd
76%
Rose Nadler
73%
Charles Widmore
72%
Danielle Rousseau
71%
Christian Shephard
70%
Mr Eko
70%
Alex Rousseau
69%
Bernard Nadler
67%
Libby Smith
67%
Miles Straume
67%
Daniel Faraday
66%
Richard Alpert
60%
Charlotte Lewis
58%
Ethan Rom
52%
Frank Lapidus
44%
Tom Friendly
40%
Martin Keamy
37%
Nikki Fernandez
37%
Paulo
33%
Naomi Dorrit
23%
Ilana Verdansky
22%
Cindy Chandler
18%
Pierre Chang
18%
No matching quizzes found
Score Distribution
Percent of People with Each Score
Percentile by Number Answered
Your Score History
You have not taken this quiz since the last reset